|
|
|
|
| LEADER |
00000nab a2200000 a 4500 |
| 001 |
vtls000854979 |
| 003 |
SK-MaSNL |
| 005 |
20260302171139.0 |
| 008 |
140429c2003 xo 0 slo |
| 015 |
|
|
|a SNBRB2003/12-34827
|
| 035 |
|
|
|a CLN000206634
|
| 040 |
|
|
|a SNKBUCL
|b slo
|c SNKBUCL
|e AACR2
|
| 041 |
0 |
|
|a slo
|
| 044 |
|
|
|a xo
|c SK
|
| 080 |
|
|
|a 82:929:821.162.4
|2 1997
|
| 080 |
|
|
|a 929 Juriga, František
|2 1997
|
| 080 |
|
|
|a 821.162.4:929
|2 1997
|
| 100 |
0 |
|
|a (bš)
|4 aut
|9 874864
|
| 245 |
1 |
0 |
|a Juriga, František
|c [autor] (bš)
|
| 504 |
|
|
|a Bibliogr. odkazy
|
| 600 |
1 |
7 |
|a Juriga, František,
|d 1934-
|2 SNKMA
|9 124901
|
| 650 |
0 |
7 |
|a literatúra pre deti a mládež
|2 SNKPH
|9 21893
|
| 655 |
|
7 |
|a články z novín a časopisov
|2 snkbucl
|9 267496
|
| 773 |
0 |
|
|t Bibiana
|g Roč. 10, č. 2-3 (2003), s. 102
|x 1335-7263
|
| 850 |
|
|
|a Slovenská národná knižnica v Martine
|
| 852 |
|
|
|a SNK
|b KIS3GCP
|
| 958 |
|
|
|a BX
|
| 958 |
|
|
|a LX
|
| 958 |
|
|
|a NB
|
| 992 |
|
|
|a RBX
|
| 999 |
|
|
|c 1394792
|d 1396722
|